Guess the 1960s song lyrics #107 - Statistics

General Stats
  • This quiz has been taken 25 times
  • The average score is 156 of 236
Answer Stats
Answer % Correct
I
100%
love
96%
Love
96%
not
92%
You
92%
you
92%
my
88%
My
88%
to
88%
be
83%
go
83%
of
83%
I'm
79%
it
79%
the
79%
your
79%
give
75%
gonna
75%
Baby
71%
baby
71%
me
71%
oh
71%
Oh
71%
All
67%
down
67%
every
63%
for
63%
I've
63%
been
58%
girl
58%
lott
58%
lotta
58%
them
58%
Wanna
58%
wanna
58%
whole
58%
Whole
58%
fooling
54%
Led Zeppelin
54%
need
54%
Way
54%
way
54%
Yeah
54%
You've
54%
inside
50%
Keep
50%
keep
50%
man
50%
Ooh
50%
Ah
46%
ah
46%
back
46%
good
46%
times
46%
inch
42%
schooling
42%
Woman
42%
cooling
38%
Hey
38%
door
29%
Honey
29%
send
29%
learning
25%
let's
25%
Shake
25%
drooling
21%
alright
17%
misusing
17%
yearning
17%
No matching quizzes found
Score Distribution
Percent of People with Each Score
Percentile by Number Answered
Your Score History
You have not taken this quiz